000 00432nam a2200169Ia 4500
003 GCL
008 140319s9999 xx 000 0 ara d
040 _aGCL /
_cGCL
082 0 4 _a814.008
_bا ق
100 1 _aانيس منصور
245 1 0 _aالقلب ابدا يدق /
_cانيس منصور
300 _a102 ص
490 _a
650 0 4 _aالادب العربى
650 0 4 _aالقصص العربية
942 _2ddc
_cBK
999 _c45226
_d45226